| 000 | 00492nam a22001697a 4500 | ||
|---|---|---|---|
| 005 | 20251108164838.0 | ||
| 008 | 250721s1997 xx 000 0 ara d | ||
| 082 | 1 | 4 | _a616.7/إيه |
| 100 | 1 | _aعبد الرحيم، إيهاب | |
| 245 | 1 | 0 | _aآلام الظهر و الروماتيزم / |
| 264 | 1 |
_aالمنصورة : _bمكتبة الإيمان، _c1997. |
|
| 300 | _a104ص | ||
| 650 | 1 | 7 | _aأمراض العظام |
| 650 | 1 | 7 | _aالروماتزم |
| 942 |
_2ddc _cBK |
||
| 999 |
_c15740 _d15740 |
||